000 00724nam a2200205Ia 4500
003 GCL
008 140319s9999 xx 000 0 ara d
040 _aGCL /
_cGCL
082 0 4 _a398.09
_bق د
100 1 _aادونيس
245 1 0 _aديوان الاساطير: سومر واكاد واشور, ك1 اعطينى, اعطينى ماء القلب اناشيد الحب السومرية /
_cادونيس
700 1 _aقاسم الشواف
300 _a249 ص
490 _aالهيئة العامة للاستعلامات
_v0
650 0 4 _aالاساطير العربية
650 0 4 _aالادب الشعبى
650 0 4 _aالاساطير - العراق
650 0 4 _aالعراق - تاريخ
942 _2ddc
_cBK
999 _c49468
_d49468